000 00206 a2200097 4500
020 _a9780316011839
041 _aeng
100 _aVon Ziegesar, Cecily
245 _aWould I lie to you Gossip girl
942 _cBK
999 _c7531
_d7531